书目信息 |
| 题名: |
工程地质
|
|
| 作者: | 白云峰 主编 | |
| 分册: | ||
| 出版信息: | 郑州 郑州大学出版社 2007.01 |
|
| 页数: | 269页 | |
| 开本: | 26cm | |
| 丛书名: | ||
| 单 册: | ||
| 中图分类: | P642 | |
| 科图分类: | ||
| 主题词: | 工程地质--gong cheng di zhi--高等学校--教材 | |
| 电子资源: | ||
| ISBN: | 7-81106-356-5 | |
| 000 | 00817nam0 2200241 450 | |
| 001 | 012007460486 | |
| 005 | 20070510091424.17 | |
| 010 | @a7-81106-356-5@dCNY27.00 | |
| 100 | @a20070326d2007 km y0chiy0120 ea | |
| 101 | 0 | @achi |
| 102 | @aCN@b410000 | |
| 105 | @aa a 000yy | |
| 200 | 1 | @a工程地质@Agong cheng di zhi@f白云峰主编@Fbai yun feng zhu bian |
| 210 | @a郑州@c郑州大学出版社@d2007.01 | |
| 215 | @a269页@c图@d26cm | |
| 300 | @a普通高等教育土木工程专业“十一五”规划教材 | |
| 320 | @a有书目 (第269页) | |
| 330 | @a本书是普通高等教育土木工程专业“十一五”规划教材之一,主要讲述了工程地质特性、构造、地下水、及工程地质考察等。 | |
| 606 | 0 | @a工程地质@Agong cheng di zhi@x高等学校@j教材 |
| 690 | @aP642@v4 | |
| 701 | 0 | @a白云峰@Abai yun feng@4主编 |
| 801 | 0 | @aCN@c20070510 |
| 905 | @a10447@dP642@eB151 | |
| 工程地质/白云峰主编.-郑州:郑州大学出版社,2007.01 |
| 269页:图;26cm |
| 普通高等教育土木工程专业“十一五”规划教材 |
| ISBN 7-81106-356-5:CNY27.00 |
| 本书是普通高等教育土木工程专业“十一五”规划教材之一,主要讲述了工程地质特性、构造、地下水、及工程地质考察等。 |
| ● |
| 相关链接 |
|
|
|
正题名:工程地质
索取号:P642/B151
 
预约/预借
| 序号 | 登录号 | 条形码 | 馆藏地/架位号 | 状态 | 备注 |
| 1 | 238841 | 202388415 | 城院文库/ [索取号:P642/B151] | 在馆 | |
| 2 | 238842 | 202388424 | 自科库401/401自科库 133排1列3层/ [索取号:P642/B151] | 在馆 | |
| 3 | 238843 | 202388433 | 期刊室512/401自科库 128排1列6层/ [索取号:P642/B151] | 在馆 |